000 00378nam a2200157Ia 4500
008 230312s9999||||xx |||||||||||||| ||und||
020 _a0-13-022647-5
082 _a004.62
_bHUI-R
100 _aHuitema;Christian
245 0 _aRouting in the Internet
260 _bPrentice Hall
_aIndia
_c2000
300 _a384
546 _aEng.
650 _aComputer
_vComputer
942 _cBK
999 _c7059
_d7059